[Event "Capablanca Memorial Elite 34th"]
[Site "Havana"]
[Date "1999.05.12"]
[Round "5"]
[White "Vera Gonzalez Quevedo, Reynaldo"]
[Black "Arencibia Rodriguez, Walter"]
[Result "1/2-1/2"]
[WhiteElo "2547"]
[BlackElo "2520"]
[Annotator "Meulders,R"]
[PlyCount "48"]
[EventDate "1999.05.??"]
[EventType "tourn"]
[EventRounds "13"]
[EventCountry "CUB"]
[EventCategory "12"]
[SourceTitle "CBM 071"]
[Source "ChessBase"]
[SourceDate "1999.08.01"]
[SourceVersion "1"]
[SourceVersionDate "1999.08.01"]
[SourceQuality "1"]

{Meulders} 1. d4 d5 2. c4 Nc6 3. Nc3 dxc4 4. d5 (4. Nf3 {um Ne5 zu verhindern
ist solider.}) 4... Ne5 ({Für das scharfe} 4... Na5 {muß man sehr gut
außgeschlafen sein.}) (4... Nb8 $5) 5. f4 (5. Bf4 Ng6 6. Bg3 e5 {gilt als
zuverlässig für Schwarz.}) 5... Nd7 $5 (5... Ng6 6. e4 e6 (6... e5 7. f5 Nf4 8.
Nf3 Nd3+ 9. Bxd3 cxd3 10. Nxe5 $16 {1-0 Fominyh,A-Ginzburg,M/Minsk 1998/CBM 64
ext (22)}) 7. dxe6 (7. Bxc4 Nf6 (7... Bc5 8. Nf3 Nf6 9. Bb5+ Bd7 10. dxe6 fxe6
11. f5 exf5 12. exf5 Qe7+ 13. Qe2 Qxe2+ 14. Kxe2 Bxb5+ 15. Nxb5 O-O-O $17 {
0-1 Lindinger,M-Fries Nielsen,J/Hamburg 1997/EXT 98 (60)}) 8. Bb5+ Bd7 9. dxe6
Bxb5 10. exf7+ Ke7 11. Qb3 Qd3 12. Nge2 Bc4 13. Qxb7 Kxf7 $17 {0-1 Ward,
C-Lejlic,S/Gausdal 1996/CBM 51 ext (21)}) 7... Qxd1+ 8. Kxd1 fxe6 9. Bxc4 Bd7
10. Nf3 O-O-O 11. Kc2 Nh6 (11... Nf6 12. Ng5 Re8 13. e5 Ng4 14. h3 Nh6 15. g4
$16 {1-0 Garcia Palermo,C-Colas,R/Zaragoza 1993/EXT 97 (30)}) 12. g3 Bc5 13.
Re1 $11 {1/2-1/2 Gunawan,R-Keene,R/Surakarta 1982/MCD (37)}) (5... Ng4 $5 6. e4
(6. h3 N4f6 7. e4 e6 8. dxe6 Qxd1+ 9. Kxd1 Bxe6 10. f5 O-O-O+ 11. Kc2 Bd7 12.
Bxc4 Nxe4 13. Nxe4 Bxf5 14. Bd3 Rxd3 15. Kxd3 Nf6 $15 {0-1 Norri,J-Puranen,J/
Helsinki 1996/EXT 98 (40)}) 6... e5 7. f5 h5 (7... N8h6 $5) 8. Nh3 (8. Nf3 Bc5
9. Bxc4 Nf2 10. Qb3 a6 $6 (10... Nxh1 11. Qb5+ Bd7 12. Qxc5 $16) (10... Qe7 $5
11. Rf1 Ng4 12. Bb5+ Kd8 $13) 11. Rf1 Ng4 12. d6 $1 $16 cxd6 13. Bxf7+ Kd7 14.
Bg5 $18 {1-0 Vera,R-Arencibia,W/Las Tunas 1996/EXT 97 (72)}) 8... Bc5 9. Qa4+
Bd7 10. Qxc4 Bb6 11. Bg5 N8f6 12. Qd3 Qe7 13. O-O-O O-O-O 14. Kb1 Qc5 15. Be2
Ne3 $15 {1/2-1/2 Mann,G-Ruck,T/HUN-chT1 1995/EXT 97 (46)}) (5... Ng6) 6. e4 (6.
Qa4 {ist die Alternative:} a6 7. e4 Rb8 8. Qxc4 Nb6 (8... b5 9. Qd4 e5 10. Qd1
$2 (10. dxe6 fxe6 11. Nge2 c5 12. Qf2 Bb7 13. Ng3 Ngf6 14. Bd3 $13) 10... Ngf6
11. Bd3 Bc5 12. Qf3 exf4 13. Bxf4 O-O 14. g4 $6 Nb6 15. h3 (15. g5 Ng4 16. Nh3
Re8 17. O-O-O b4 18. Ne2 Ne5 19. Bxe5 Rxe5 $17) 15... Na4 $1 16. Nd1 Re8 $15 {
0-1 Parkov,V-Minasian,A/Omsk 1996/CBM 57/[Meulders] (20)}) 9. Qd4 e6 10. a4 c5
11. Qe5 Nd7 12. Qg5 Qxg5 13. fxg5 Ne5 14. Bf4 Bd6 15. Bg3 Ne7 $11 {1/2-1/2
Farago,I-Knechtel,R/Aschach 1994/EXT 97 (45)}) 6... Nc5 (6... Nb6 7. a4 (7.
Bxc4 Nxc4 8. Qa4+ Bd7 9. Qxc4 c6 10. Nf3 e6 11. dxe6 Bxe6 12. Qe2 Bc5 13. f5
Bd7 14. Be3 Qb6 15. Bxc5 Qxc5 16. O-O-O $14 {1/2-1/2 Koch,T-Haubt,G/BL2-W9596
1996/GER-chT2 (43)}) 7... a5 (7... e5 8. a5 Nd7 9. Bxc4 Ngf6 10. Nf3 Bd6 11.
O-O Qe7 12. f5 Bb4 13. Qe2 Nc5 14. Bb5+ Bd7 15. Bxd7+ Nfxd7 16. Nb5 Nf6 17. Qc4
$14 {1-0 Schrik,R-Helvensteijn,D/Arnhem 1996/EXT 98 (30)}) 8. Be3 e6 9. Bxb6
cxb6 10. Bxc4 Bb4 (10... Bc5 11. Nf3 exd5 12. Qxd5 Qxd5 13. Nxd5 Kf8 14. Ne5
Nh6 15. O-O-O $16 {1-0 Banikas,H-Dorfanis,I/Thessaloniki 1996/CBM 55 ext (20)})
11. Nf3 (11. Bb5+ Kf8 12. dxe6 Bxe6 13. Qf3 Nf6 14. f5 Bd7 15. Nge2 Bxb5 16.
axb5 Qe7 17. O-O Re8 $17 {0-1 Bacrot,E-Comp VChess2/Cap d'Agde 1998/EXT 99 (29)
}) 11... Nf6 (11... exd5 $6 12. Bxd5 (12. Bb5+ $6 Kf8 $1 (12... Bd7 $2 13. Qxd5
Nf6 14. Qe5+ $1 $16 (14. Qxb7 $2 Bxb5 15. axb5 Qc8 $1 16. Qxc8+ Rxc8 17. Nd2
Bxc3 18. bxc3 Rxc3 19. Ke2 Ke7 $15)) 13. Qxd5 Qxd5 14. exd5 Nf6 15. Rd1 Bg4
$132) 12... Nf6 13. O-O O-O 14. Qd3 $14) 12. O-O O-O 13. dxe6 Bxe6 14. Bxe6
fxe6 (14... Qxd1 $5 15. Bxf7+ (15. Raxd1) 15... Rxf7 16. Raxd1 Bxc3 17. bxc3
Nxe4 18. Ng5 Nxg5 19. fxg5 Re7 $11) 15. Qb3 $1 Kh8 $1 16. Ng5 Ng4 (16... Bc5+
$2 17. Kh1 Ng4 18. Qxe6 $1) 17. Nxe6 {[#]} (17. Qxe6 $2 Qd4+ 18. Kh1 Nf2+ 19.
Rxf2 Qxf2 20. Nf7+ $2 Rxf7 21. Qxf7 Qxb2 $19) 17... Qh4 $2 (17... Bc5+ $1 18.
Nxc5 Qd4+ 19. Kh1 bxc5 $13) 18. h3 Rae8 {[#]} 19. Ne2 $1 $18 {1-0 Ivanchuk,
V-Morozevich,A/New York 1995/CBM 47 ext/[Vaisser] (41)}) 7. Bxc4 e6 8. b4 (8.
Nf3 exd5 9. Qxd5 {1/2-1/2 Vilela,J-Sariego,W/Cienfuegos 1996/CBM 52 ext (9)})
8... exd5 9. Bxd5 Nd7 10. Nf3 Nh6 $6 ({Warum nicht} 10... Bxb4 11. Bxf7+ $2 (
11. Qd4 Bxc3+ 12. Qxc3 Ngf6 $17) 11... Kf8 $17) 11. f5 c6 12. Bxh6 gxh6 (12...
cxd5 13. Qd4 $1 dxe4 14. Nxe4 Qb6 15. Bxg7 Bxb4+ 16. Kf2 Rg8 17. Rab1 $14) 13.
Qd4 Rg8 $15 14. Bxf7+ $6 Kxf7 15. e5 Ke8 {Materiell steht Schwarz auf Gewinn,
aber die beide drohende Bauern, die Springer bald noch eine Turm und nicht
letztlich die Dame machen einen natürlich nervös.} 16. Qc4 Rxg2 17. O-O-O Qb6
$1 18. Rd4 a5 $2 {Dies ist zu langsam. Schwarz hätte sofort seinen Turm
aktivieren müssen.Es entsteht ein Hexenkessel, aber wahrscheinlich zugunsten
von Schwarz, z.B.:} (18... Rf2 $1 19. Qe6+ Be7 20. Ne4 $5 (20. f6 Nxf6 $19)
20... Rxf3 21. f6 $1 (21. Nd6+ Kd8 22. Rhd1 Bg5+ 23. Kc2 c5 24. Nf7+ Kc7 25.
Rxd7+ Kb8 $19) 21... Nxf6 22. Nd6+ Kd8 23. Nf7+ Kc7 24. Qxe7+ Kb8 $1 (24... Bd7
25. Qd6+ $18) 25. Qd6+ Qc7 26. exf6 a5 $1 27. Ne5 Qxd6 28. Rxd6 Rf5 29. f7 axb4
30. Rd8 Rxa2 31. Kb1 Re2 32. Nd7+ Kc7 33. Rxc8+ Kxc8 34. f8=Q+ Rxf8 35. Nxf8
$17) 19. Qe6+ Be7 20. Ne4 Kf8 21. Qxh6+ Ke8 22. Qe6 Kf8 23. Qh6+ Ke8 24. Qe6
Kf8 1/2-1/2

[Event "SCG-ch 2nd"]
[Site "Pancevo"]
[Date "2006.03.01"]
[Round "3"]
[White "Tadic, Branko"]
[Black "Miladinovic, Igor"]
[Result "1/2-1/2"]
[WhiteElo "2491"]
[BlackElo "2607"]
[Annotator "Mueller,Karsten"]
[PlyCount "113"]
[EventDate "2006.02.27"]
[EventType "tourn"]
[EventRounds "13"]
[EventCountry "YUG"]
[EventCategory "11"]
[SourceTitle "CBM 112"]
[Source "ChessBase"]
[SourceDate "2006.06.07"]
[SourceVersion "1"]
[SourceVersionDate "2006.06.07"]
[SourceQuality "1"]

1. d4 d5 2. c4 Nc6 3. Nf3 Bg4 4. Ne5 Nxe5 5. dxe5 d4 6. Qb3 Bc8 7. Nd2 e6 8.
Nf3 c5 9. Qb5+ Bd7 10. Qxb7 Ne7 11. Qe4 Bc6 12. Qc2 Ng6 13. e4 f6 14. exf6 gxf6
15. Bd3 e5 16. Qe2 Qd7 17. h4 h5 18. Ng1 Rb8 19. Qf3 Qf7 20. Ne2 Bd7 21. Rb1
Ne7 22. Bd2 Rg8 23. Bc2 Rg4 24. Ng3 Bc6 25. Qa3 Qg6 26. O-O Rxh4 27. Bd1 Rg4
28. Bxg4 Qxg4 29. Qf3 Qxf3 30. gxf3 h4 31. Ne2 f5 32. Ba5 fxe4 33. fxe4 Bxe4
34. Rbe1 Bd3 35. b3 Kd7 36. Kh1 Nc6 37. Bd2 Bd6 38. Rg1 Be4+ 39. Kh2 Rf8 40.
Nf4 Bf3 41. Rg7+ Ne7 42. Ng6 Rf5 43. b4 e4+ 44. Kh3 cxb4 45. Nxe7 Bxe7 46. Bxb4
Re5 47. Rb1 e3 48. Bxe7 Rxe7 49. Rxe7+ Kxe7 50. fxe3 d3 51. Rb2 Kd6 52. Kxh4
Kc5 53. Kg3 Bc6 54. Kf2 Kxc4 {[%tqu "De","Wie hätte sich der weiße Turm hier
seine überlegene Kraft ausspielen können?","","","b2b3","",0,"b2b8","",6]} 55.
Rb3 $2 {Diese Absperrung läuft in einen Trick. Der Turm musste direkt
aktiviert werden:} (55. Rb8 $1 Bd5 (55... Be4 56. Ke1 Kc3 57. Rc8+ Kb2 58. a4
Kb3 59. Kd2 a5 60. Rc3+ Kb4 61. Rxd3 $18) 56. Rd8 a5 57. Ke1 Bf7 58. Kd2 {
Der König ist ein sehr starker Blockeur.} Kb4 59. Rd4+ Ka3 60. Rxd3+ Kxa2 61.
Kc3 Ka3 62. Rd4 $18) 55... d2 56. Ke2 Ba4 57. Kxd2 1/2-1/2

[Event "Syre Memorial op 36th"]
[Site "Issy les Moulineaux"]
[Date "2013.05.10"]
[Round "5"]
[White "Payen, Arnaud"]
[Black "Onkoud, Abdelaziz"]
[Result "1-0"]
[WhiteElo "2330"]
[BlackElo "2384"]
[Annotator "Payen,A"]
[PlyCount "100"]
[EventDate "2013.05.08"]
[EventType "swiss"]
[EventRounds "7"]
[EventCountry "FRA"]
[SourceTitle "EXT 2015"]
[Source "ChessBase"]
[SourceDate "2014.11.20"]
[SourceVersion "1"]
[SourceVersionDate "2014.11.20"]
[SourceQuality "1"]

1. d4 d5 2. c4 Nc6 3. Nf3 Bg4 4. Nc3 e6 (4... Nf6 5. cxd5 Nxd5 6. e4 Nf6 7. d5
Ne5 8. Nxe5 Bxd1 9. Bb5+ c6 10. dxc6 $18) 5. cxd5 (5. Bf4 Bb4 6. e3 Nge7 7. h3
Bh5 8. Rc1 O-O 9. a3 Bxc3+ 10. Rxc3 dxc4 11. Rxc4 Ng6 12. Bh2 Bxf3 13. Qxf3 e5
14. d5 Na5 15. Rc3 c6 16. dxc6 Nxc6 17. Bc4 $14 {Akesson,R (2460)-Morozevich,A
(2575) Lloyds Bank op 18th 1994 (5) 0-1}) 5... exd5 6. Bf4 Bd6 (6... Nf6 7. e3
Bd6 8. Bg5 Ne7 9. Be2 c6 10. Bxf6 gxf6 11. Nh4 Be6 12. Bd3 Qb6 13. Rb1 c5 14.
dxc5 Bxc5 15. O-O Bd6 16. Bb5+ Nc6 17. Rc1 a6 18. Ba4 O-O-O 19. Bxc6 bxc6 20.
Na4 Qb5 21. Nf3 Bg4 22. Nc3 Qb7 23. h3 Bh5 24. Qc2 Bg6 25. Qa4 Kb8 26. Ne2 Qb5
27. Qd1 c5 28. b4 c4 29. Nfd4 Qb7 30. Qa4 Rc8 31. b5 axb5 32. Nxb5 Bc5 33. Ned4
Qa8 34. Qd1 Qa6 35. Qf3 Bxd4 36. Nxd4 {Ding,L (2680)-Nepomniachtchi,I (2718)
St Petersburg 2012 0-1}) (6... Bxf3 7. gxf3 Bd6 8. Bg3 Nge7 9. e3 O-O 10. a3 a6
11. Bd3 Qd7 12. Qc2) 7. Bg3 Nge7 {[%cal Ge7d5,Ge7f5]} 8. e3 a6 {(=)} (8... Qd7
{[%cal Ge8c8]} 9. Be2 O-O {Cramling,P (2516)-Short,N (2658) Gibraltar Masters
9th 2011 (2) 0-1}) (8... O-O) 9. Rc1 $146 (9. Be2 O-O 10. O-O Bxg3 11. hxg3 Qd6
12. Na4 Rae8 13. Nc5 Bc8 14. Re1 Nf5 15. Bd3 Nh6 16. Qb1 f5 17. b4 Ng4 18. b5
axb5 19. Bxb5 Rf6 20. Nd3 Rh6 21. a4 Rf8 22. a5 Nd8 23. Qc2 c6 24. a6 bxa6 25.
Bxa6 Bd7 26. Qc5 Qg6 27. Nf4 Qf6 28. Qa7 Be8 29. Rab1 g5 30. Nh3 Nf7 31. Rb8
Rg6 32. Qc7 h6 33. Rb7 c5 34. Bb5 c4 35. Ra1 Qd6 36. Bxe8 Qxc7 37. Rxc7 Rxe8
38. Raa7 Rb8 {Kovacevic,B (2466)-Bosiocic,M (2561) Zagreb 2011 0-1 (65)}) (9.
Bd3 Bh5 10. a3 Bg6 11. b4 $14 {[%csl Gc5];Cebalo,M (2515)-Fioramonti,H
Martigny op 1986 1-0}) 9... Qd7 10. Be2 f6 {76} 11. a3 {84} O-O {65 Dans les
autres parties du tournoi, Abdelaziz a joué trés vite mais dans cette 05ème
ronde, il est en retard à la pendule.} 12. O-O g5 $6 {[%csl Rf5,Rh5] Un coup
optimiste qui affaiblit la position noire.} 13. e4 $1 dxe4 14. Nxe4 {56} Kg7 {
35} 15. Bxd6 {43} (15. Ne5 $5 Bxe2 (15... fxe5 16. Bxg4 Qd8 17. dxe5 {[%csl
Rg5][%cal Re4g5]}) (15... Nxe5) 16. Nxd7 Bxd1 17. Nxf8 Bg4 18. Nxh7 $1 Nd5 19.
Bxd6 cxd6 20. Nhxf6 Nxf6 21. Nxd6 $16) 15... cxd6 {36} 16. d5 {43} Nd8 {26} 17.
Nd4 {35} Bxe2 {24} 18. Qxe2 {31} (18. Nxe2 $1) 18... Nxd5 {20} 19. Nxd6 Kh8 20.
N4f5 {26} Nf7 {16} 21. Rcd1 (21. Rfd1 $1 {Plus actif mais j'avais peur d'une
pointe avec Tc8} Nf4 22. Qe4 $16) 21... Nf4 22. Qf3 Nxd6 23. Nxd6 {17} Qc6 $6
$138 (23... b5) 24. Qxc6 bxc6 25. g3 Nd5 26. Rfe1 {13} Kg7 {Plus qu'une minute
avec l'incrément pour passer le contrôle de temps} 27. Nc4 Rfe8 28. Rxe8 Rxe8
29. Na5 Re2 (29... Re6 30. Nxc6 Rxc6 31. Rxd5 $16 {[%csl Ra6][%cal Rd5a5,Rb2b4]
}) 30. Nxc6 Nb6 31. b3 Rb2 32. Na5 g4 33. Rd6 Nc8 34. Rxa6 Kg6 35. Re6 (35. b4
Ne7 36. Nc4) 35... Kf5 36. Re1 h5 37. Nc6 Nd6 38. Nd4+ (38. a4 Ne4 39. Re2 $1
Rb1+ 40. Kg2 h4 41. gxh4) 38... Kg6 39. b4 (39. Re2) 39... Nc4 40. Ra1 Ne5 41.
Kf1 $1 Nd3 42. Ne2 Kf5 43. b5 $1 {[%csl Rf5][%cal Ge2d4]} Ne5 44. a4 Nf3 45. a5
Nd2+ 46. Kg2 Nc4 47. b6 Ke4 (47... Rxe2 48. b7 Rb2 49. a6 $18) 48. Nc3+ Kd4 49.
Na4 Rb5 50. a6 Nd6 1-0

[Event "Cappelle op 11th"]
[Site "Cappelle la Grande"]
[Date "1995.??.??"]
[Round "5"]
[White "Hebden, Mark"]
[Black "Notkin, Maksim"]
[Result "1-0"]
[WhiteElo "2550"]
[BlackElo "2485"]
[Annotator "Pein,M"]
[PlyCount "67"]
[EventDate "1995.03.??"]
[EventType "swiss"]
[EventRounds "9"]
[EventCountry "FRA"]
[SourceTitle "EXT 1997"]
[Source "ChessBase"]
[SourceDate "1996.11.15"]
[SourceVersion "1"]
[SourceVersionDate "1996.11.15"]
[SourceQuality "1"]

1. d4 d5 2. c4 Nc6 {The Chigorin Defence} 3. Nf3 Bg4 4. Nc3 Bxf3 {This line is
known to be bad, better 4..e6 intending Bb4 and Nge7} 5. exf3 dxc4 {Black is a
pawn up and attacks d4 but White has so many open lines for his bishops in
particular he can seize the initiative} 6. d5 Ne5 7. Bf4 Ng6 8. Bxc4 Nf6 (8...
Nxf4 9. Qa4+ Qd7 10. Bb5 c6 11. dxc6) 9. Bg3 a6 {Black has terrible problems
untangling his kingside because the pawn d5 inhibits ..e6. Hebden gets on with
development} 10. O-O Nd7 {Black is pretty much lost if this is the best he can
do. Hebden's play is so simple, he just puts two rooks on open files.} 11. Re1
Nb6 12. Bb3 Qd7 13. Rc1 f5 {Threatening to win the Bg3 with ..f4 but not
surprisingly White can open up the game} 14. Bxc7 Qxc7 15. d6 Qd7 16. Qd4 Nc8 {
16..Qxd6 17.Qxd6 wins the queen} 17. Be6 Qxd6 18. Nd5 {Its a massacre, queen,
two rooks, bishop and knight against a lone queen for the defence but it still
takes a couple of nice tactics to finish the job} Nf4 19. Nc7+ Kd8 20. Nxa8 {
Very pretty, 20..Qxd4 21.Rxc8 mate} Nxe6 21. Qc4 Qc6 22. Qd3+ {Excellent, 22.
Qxe6 would win but Black could struggle on. Typically Hebden keeps up the
attack to win even more material} Qd6 23. Qxf5 g6 24. Qa5+ Kd7 (24... b6 25.
Qxa6 Qd7 26. Red1 Nd4 27. Rxd4 Qxd4 28. Qxc8#) 25. Red1 Nd4 26. Qc7+ {[#]} Qxc7
27. Rxc7+ Ke6 28. Rxd4 {With an exchange and two pawns more the game is over}
Nd6 29. Rd2 Nb5 30. Rc8 Nd6 31. Re2+ Kf6 32. Rc7 Nb5 33. Rxb7 Bh6 34. Nb6 1-0

[Event "SUI-chT"]
[Site "Switzerland"]
[Date "2005.03.20"]
[Round "2"]
[White "Pelletier, Yannick"]
[Black "Raetsky, Alexander"]
[Result "1-0"]
[WhiteElo "2604"]
[BlackElo "2430"]
[Annotator "Pelletier,Y"]
[PlyCount "57"]
[EventDate "2005.02.27"]
[EventType "team-tourn"]
[EventRounds "9"]
[EventCountry "SUI"]
[SourceTitle "CBM 109"]
[Source "ChessBase"]
[SourceDate "2005.11.14"]
[SourceVersion "1"]
[SourceVersionDate "2005.11.14"]
[SourceQuality "1"]
[WhiteTeam "Biel"]
[BlackTeam "Lugano"]
[WhiteTeamCountry "SUI"]
[BlackTeamCountry "SUI"]

1. Nf3 d5 2. d4 Nc6 3. c4 Bg4 4. Nc3 Bxf3 5. exf3 {Meiner Ansicht nach sollte
Schwarz nicht so früh auf f3 tauschen.} e6 6. cxd5 exd5 7. Bb5 a6 8. Ba4 $5 ({
Irgendwann spielte Raetsky gegen Rashkovsky} 8. Bxc6+ bxc6 9. Qe2+ Kd7 $5 {
und hielt später Remis.}) 8... b5 $6 (8... Bb4 9. Qd3 Nge7 10. O-O O-O $14 {
sieht besser aus.}) 9. Bb3 Bb4 (9... Nf6 10. O-O Be7 11. Bg5 O-O 12. Rc1 $14)
10. Qd3 (10. O-O Bxc3 11. bxc3 Nge7 12. Re1 {sollte auch vorteilhaft sein.
Aber die c-Linie könnte auch brauchbar sein, wobei Qd3 so oder so nützlich ist.
}) 10... Na5 $2 ({Stört zweifach die Entwicklung. Der Springer hat hier nichts
zu suchen, und nach Bc2 kommt Schwarz nur schwer zur Rochade. Wenig
überzeugend war ebenfalls} 10... Nf6 11. O-O O-O 12. Bg5 $36) ({Am besten war
wohl das Bauernopfer} 10... Qf6 $142 11. Bxd5 Nge7 {, wonach Schwarz etwas
Kompensation besitzt und vor allem Aktivität entfaltet.}) 11. Bc2 c6 12. O-O
Ne7 (12... Nf6 13. Re1+ Kf8 14. Bf4) 13. Re1 Bd6 14. b3 Qd7 15. Bd2 Nb7 16. a4
b4 17. Ne2 a5 18. Ng3 Kf8 19. Re2 h5 20. h4 g6 $6 ({Etwas Hartnäckiger war wohl
} 20... Ng6 21. Nf5 Nf4 (21... Bf4 22. Rae1) 22. Bxf4 Bxf4 23. Rae1 (23. Re7
Qc8 24. Rae1 Nd6) 23... Nd6 (23... g6 24. Re7 Qxf5 25. Qxf5 gxf5 26. Rxb7 $16)
{, auch wenn Weiß mittels} 24. Ne7 $5 $16 ({oder} 24. Nxg7 $5 $16 {seinen
klaren Vorteil behauptet.})) 21. Bg5 {[%csl Gf6]} Kg7 22. Rae1 Ng8 23. f4 Nh6
$2 (23... f5 24. Re6 Rf8 25. Qa6 $16) 24. Re7 Bxe7 25. Rxe7 Qd6 26. Rxb7 Rae8
27. f3 Re1+ (27... c5 28. dxc5 Qxc5+ 29. Kh2 $18) 28. Kf2 Re6 29. f5 1-0

[Event "Rohde op 07th"]
[Site "Sautron"]
[Date "2007.11.01"]
[Round "7"]
[White "Kazakov, Mikhail"]
[Black "Das, Arghyadip"]
[Result "1/2-1/2"]
[WhiteElo "2449"]
[BlackElo "2367"]
[Annotator "RR"]
[PlyCount "180"]
[EventDate "2007.10.27"]
[EventType "swiss"]
[EventRounds "9"]
[EventCountry "FRA"]
[SourceTitle "EXT 2008"]
[Source "ChessBase"]
[SourceDate "2007.11.25"]
[SourceVersion "1"]
[SourceVersionDate "2007.11.25"]
[SourceQuality "1"]

1. d4 d5 2. c4 Nc6 3. Nc3 (3. Nf3 {Plus courant}) 3... dxc4 4. d5 (4. Nf3) 4...
Ne5 5. Nf3 (5. Qd4 Ng6 6. e4 e5 $1) (5. f4) 5... Nxf3+ ({RR} 5... Ng6 6. Qa4+
Bd7 7. Qxc4 c6 8. e4 e6 9. Qb3 Qb6 10. dxc6 Bxc6 11. Qxb6 axb6 12. Nd4 Bb4 13.
f3 Nf6 14. Be3 Nd7 15. Be2 Ke7 16. Kd2 {1/2-1/2 Akobian,V (2417)-Turov,M (2526)
/Bor 2000/EXT 2001}) 6. exf3 e5 7. f4 $5 $146 ({RR} 7. Bxc4 Bd6 {RR} 8. Qa4+
Bd7 9. Qb3 Rb8 10. O-O Ne7 11. Nb5 O-O 12. Be3 Bxb5 13. Qxb5 a6 14. Qb3 Nf5 15.
Bd3 Nd4 16. Qd1 Qf6 17. Rc1 Rbd8 18. Rc4 Rfe8 19. Qd2 h6 20. Bxd4 exd4 21. Rxd4
c6 22. Be4 c5 {Bozinovic,B (2257)-Wippermann,T (2427)/Biel 2004/CBM 101 ext/
0-1 (31)}) 7... Bd6 8. fxe5 Bxe5 9. Bxc4 $14 {[%csl Rc7,Gd5] La nouveauté 7.f4
semble donner un bon jeu aux blancs car le P d5 donne un avantage d'espace.}
Ne7 10. O-O O-O 11. Bg5 Kh8 12. Re1 Bd6 13. Nb5 f6 {[%csl Re6]} 14. Nxd6 Qxd6
15. Be3 $16 {[%csl Gc4,Gd5,Ge3,Re6]} Nf5 16. Bd2 Bd7 17. a3 Rfe8 18. Qf3 $36
Nh4 19. Qb3 $1 Qb6 20. Bf4 Qxb3 21. Bxb3 c6 $1 22. f3 Ng6 23. Bg3 Ne7 24. dxc6
Nxc6 25. Rad1 Bf5 26. h3 a6 27. Bd5 Rad8 28. Bc7 Rc8 29. Bb6 Ne5 30. Bd4 Bc2
31. Rc1 Rcd8 32. Bxe5 Rxd5 33. Rxc2 fxe5 34. Rc7 $14 {[%csl Rb7,Re5] Les
blancs sont un peu mieux mais l'avantage est minime et il y a peu de chances
de gains.} Rb5 35. b4 a5 36. Re4 h6 37. h4 axb4 38. axb4 Re6 39. h5 g5 40. hxg6
Rxg6 41. Re7 Rgb6 42. Rc4 Rc6 43. Rg4 Rcb6 44. Rc4 Rc6 45. Rxb7 Rxb7 46. Rxc6
Rxb4 47. Rxh6+ Kg7 48. Re6 Rb5 49. Kf2 Kf7 50. Rh6 Rb2+ 51. Kg3 Ra2 52. Kh3 Rb2
53. Rh4 Kf6 54. Re4 Ra2 55. Rb4 Rc2 56. g3 Rc8 57. g4 Rc3 58. Kg3 Ra3 59. Rb6+
Kf7 60. Kf2 Rc3 61. Rb2 Kf6 62. Re2 Ra3 63. Re3 Ra2+ 64. Kg3 Rb2 65. Ra3 Rc2
66. Ra6+ Kf7 (66... Kg5 $4 67. Re6 $18) 67. Rh6 Rc3 68. Kf2 Ra3 69. Ke2 Ke7 70.
Rb6 Rc3 71. Kf2 Ra3 72. Ke2 Rc3 73. Ra6 Rb3 74. Ra1 Kf6 75. Ra4 Rc3 76. Ra6+
Ke7 77. Rh6 Ra3 78. Rc6 Rb3 79. g5 Kf7 80. Rf6+ Ke7 81. Ra6 Kf7 82. Rd6 Ra3 83.
Rd3 Ra2+ 84. Ke3 Kg6 85. Rd5 Kf5 86. g6 Ra3+ 87. Ke2 Ra2+ {(=)} 88. Kf1 {
Kozakov continue а jouer quelques coups supplémentaires avant d'accepter la
nulle} Ra6 89. g7 Rg6 90. Rd7 Kf6 1/2-1/2

[Event "Rohde op 08th"]
[Site "Sautron"]
[Date "2008.10.28"]
[Round "5"]
[White "Spassov, Liuben"]
[Black "Das, Arghyadip"]
[Result "1/2-1/2"]
[WhiteElo "2417"]
[BlackElo "2404"]
[Annotator "RR"]
[PlyCount "54"]
[EventDate "2008.10.25"]
[EventType "swiss"]
[EventRounds "9"]
[EventCountry "FRA"]
[SourceTitle "EXT 2009"]
[Source "ChessBase"]
[SourceDate "2008.11.26"]
[SourceVersion "1"]
[SourceVersionDate "2008.11.26"]
[SourceQuality "1"]

1. d4 d5 2. c4 Nc6 3. Nf3 Bg4 4. Nc3 e6 (4... Nf6 $143) 5. cxd5 exd5 6. Bf4
Bxf3 7. gxf3 Bd6 8. Qd2 {Une ligne secondaire} (8. Bg3 $142 Nge7 9. e3 a6 10.
a3 h5 11. Qc2 h4 12. Bxd6 Qxd6 13. f4 g6 14. Bd3 Kf8 15. Ne2 Nb8 16. Rc1 c6 17.
Ng1 Nd7 18. Nf3 Rc8 19. O-O Kg7 20. Kh1 c5 21. dxc5 Nxc5 22. Qe2 Ne6 {Karpov,A
(2696)-Piket,J (2633)/Monte Carlo 2000/CBM 076/1/2-1/2 (57)}) 8... Nge7 9. Bh3
$6 $146 {[%csl Rh2]} ({RR} 9. O-O-O O-O ({RR} 9... Na5 10. Bxd6 Qxd6 11. Qg5
Qg6 12. Rg1 f6 13. Qg4 Qxg4 {1/2-1/2 Hareux,H (2241)-Bronznik,V (2399)/Dieppe
2002/EXT 2005}) 10. h4 Nf5 11. Bxd6 Qxd6 12. e3 Rad8 13. Bd3 Qf6 14. Rdg1 Nb4
15. Bb1 c5 16. dxc5 d4 17. Ne4 Nxa2+ 18. Bxa2 Qa6 19. Kb1 dxe3 20. Qc3 Rd4 21.
fxe3 Ra4 22. Qb3 Rxa2 23. Qxa2 Qd3+ {Postny,E (2661)-Perez Mitjans,O (2438)/
Barcelona 2008/CB37/1-0}) 9... O-O 10. O-O-O Bxf4 $11 (10... a5) 11. Qxf4 Ng6
$1 $132 {[%cal Gg6f4] les noirs n'ont aucun problème} 12. Qg3 {[%csl Rg7][%cal
Gh1g1]} f5 13. f4 {[%csl Re4]} Qd6 14. e3 Na5 {[%cal Ga5c4]} (14... a6 {
[%cal Gb7b5,Gb5b4]}) 15. Bf1 c6 16. h4 b5 17. h5 Ne7 18. Rg1 Rf7 19. Bd3 Nc4 {
[%csl Gc4]} 20. Qf3 Qb4 (20... b4 21. Na4 {[%csl Gc5][%cal Ga4c5]}) (20... a5
$5 {[%cal Ga5a4]}) 21. Qe2 Qa5 22. Qc2 b4 23. Na4 Nb6 24. Nc5 Qxa2 25. Kd2 Nc4+
26. Bxc4 dxc4 27. Ra1 c3+ 1/2-1/2